| 000 | 00712cam a2200241 a 4500 | ||
|---|---|---|---|
| 001 | 4451287 | ||
| 005 | 20240129010800.0 | ||
| 008 | 950406s1996 nyua b 001 0 eng | ||
| 020 | _a0415124891 (hbk.) | ||
| 020 | _a0415124905 (pbk.) | ||
| 040 |
_aDLC _cDLC _dDLC |
||
| 082 | 0 | 0 |
_a700 _220 _bREI. |
| 100 | 1 | _aLewis, Reina, | |
| 245 | 1 | 0 |
_aGendering Orientalism : _brace, femininity, and representation / _cReina Lewis. |
| 260 |
_aNew York : _bRoutledge, _c1996. |
||
| 300 | _axiv, 267 p. : | ||
| 650 | 0 | _aOrientalism in art. | |
| 650 | 0 | _aWomen artists | |
| 650 | 0 | _aFeminism and the arts | |
| 650 | 0 | _aArts, European | |
| 856 | 4 | 2 | _uhttp://www.loc.gov/catdir/enhancements/fy0649/95016143-d.html |
| 942 | _cL | ||
| 999 |
_c203 _d203 |
||